[Event "LSS No Engine Cup 33 Preliminary 5"]
[Site "LSS email"]
[Date "2010.12.27"]
[Round "?"]
[White "Young, Paul"]
[Black "Trani, Francesco"]
[Result "0-1"]
[WhiteElo "599"]
[BlackElo "1793"]
[PlyCount "50"]
[EventDate "2010.12.28"]
[EventType "tourn (corr)"]
[EventRounds "6"]
[EventCountry "GER"]
[SourceTitle "Telechess CBM 147"]
[Source "ChessBase"]
[SourceDate "2012.03.16"]
[SourceVersion "1"]
[SourceVersionDate "2012.03.16"]
[SourceQuality "1"]

1. e4 e5 2. Nf3 Nc6 3. Nc3 Bb4 4. a3 Bxc3 5. dxc3 Nf6 6. Bc4 0-0 7. 0-0 d6 8. Bg5 Be6 9. Bxe6 fxe6 10. Bxf6 Qxf6 11. Qe2 Qg6 12. Nh4 Qh6 13. Nf3 Rf4 14. Qb5 Rb8 15. Qa4 a5 16. b4 Rxe4 17. Rfe1 b5 18. Qb3 a4 19. Qa2 Rc4 20. Qb2 Rg4 21. Qc1 Qh3 22. g3 e4 23. Nd2 Ne5 24. Nxe4 Nf3+ 25. Kh1 Qxh2# 0-1

[Event "SN-2010-0-00293"]
[Site "LSS email"]
[Date "2010.12.04"]
[Round "?"]
[White "Vontina, Maria"]
[Black "Young, Paul"]
[Result "1-0"]
[WhiteElo "626"]
[BlackElo "646"]
[PlyCount "73"]
[EventDate "2010.11.16"]
[EventType "tourn (corr)"]
[EventRounds "6"]
[EventCountry "GER"]
[SourceTitle "Telechess CBM 143"]
[Source "ChessBase"]
[SourceDate "2011.07.15"]
[SourceVersion "1"]
[SourceVersionDate "2011.07.15"]
[SourceQuality "1"]

1. e4 c5 2. Nf3 Nc6 3. d4 d6 4. Nc3 cxd4 5. Nxd4 e5 6. Nb3 Nf6 7. Bg5 Be7 8. Be2 Nxe4 9. Bxe7 Qxe7 10. Nxe4 0-0 11. 0-0 Qh4 12. Ng3 Nd4 13. Nxd4 Qxd4 14. c3 Qxd1 15. Raxd1 Be6 16. b3 Rac8 17. c4 Rfd8 18. Bf3 b6 19. Rd2 b5 20. cxb5 d5 21. Rfd1 d4 22. Bc6 Bg4 23. f3 Bd7 24. Bxd7 Rxd7 25. Rd3 Kf8 26. Ne4 Rd5 27. a4 Ke7 28. Nd2 g5 29. Nc4 Rcd8 30. Kf2 f5 31. Na5 h5 32. Nc6+ Kd7 33. Nxd8 Kxd8 34. g3 h4 35. f4 e4 36. Rxd4 Rxd4 37. Rxd4+ 1-0

[Event "SN-2010-0-00291"]
[Site "LSS email"]
[Date "2010.11.28"]
[Round "?"]
[White "Vontina, Maria"]
[Black "Young, Paul"]
[Result "1-0"]
[WhiteElo "640"]
[BlackElo "639"]
[PlyCount "43"]
[EventDate "2010.11.13"]
[EventType "tourn (corr)"]
[EventRounds "6"]
[EventCountry "GER"]
[SourceTitle "Telechess CBM 143"]
[Source "ChessBase"]
[SourceDate "2011.07.15"]
[SourceVersion "1"]
[SourceVersionDate "2011.07.15"]
[SourceQuality "1"]

1. e4 c5 2. Nf3 Nc6 3. d4 Nf6 4. Nc3 cxd4 5. Nxd4 e5 6. Nb3 Bb4 7. Bd3 d5 8. exd5 Nxd5 9. Bd2 0-0 10. 0-0 Qd6 11. Nxd5 Qxd5 12. Bxb4 Qe6 13. Qf3 Nd4 14. Nxd4 exd4 15. Bxf8 Kxf8 16. Rfe1 Qh6 17. Bc4 Be6 18. Bxe6 Ke7 19. Qxf7+ Kd6 20. Qd7+ Kc5 21. Re5+ Kb4 22. Qb5# 1-0

[Event "LSS RN-2010-0-00330"]
[Site "LSS email"]
[Date "2010.11.08"]
[Round "?"]
[White "Young, Paul"]
[Black "Booth, Grahame"]
[Result "0-1"]
[WhiteElo "640"]
[BlackElo "971"]
[PlyCount "30"]
[EventDate "2010.10.15"]
[EventType "tourn (corr)"]
[EventRounds "6"]
[EventCountry "GER"]
[SourceTitle "Corr 2015"]
[Source "ChessBase"]
[SourceDate "2015.07.17"]
[SourceVersion "1"]
[SourceVersionDate "2015.07.17"]
[SourceQuality "1"]

1. d4 Nf6 2. Nc3 d5 3. g3 Bf5 4. Bg2 e6 5. Bf4 Nc6 6. Nb5 Rc8 7. Nxa7 Nxa7 8. Qd2 Bd6 9. Bxd6 Qxd6 10. Qg5 Qb4+ 11. c3 Qxb2 12. Qxg7 Qxa1+ 13. Kd2 Qb2+ 14. Ke3 Qc1+ 15. Kf3 Be4# 0-1

[Event "SN-2010-0-00281"]
[Site "LSS email"]
[Date "2010.10.19"]
[Round "?"]
[White "Tassinati, Mirco"]
[Black "Young, Paul"]
[Result "0-1"]
[WhiteElo "564"]
[BlackElo "599"]
[PlyCount "34"]
[EventDate "2010.10.02"]
[EventType "tourn (corr)"]
[EventRounds "6"]
[EventCountry "GER"]
[SourceTitle "Corr 2015"]
[Source "ChessBase"]
[SourceDate "2015.07.17"]
[SourceVersion "1"]
[SourceVersionDate "2015.07.17"]
[SourceQuality "1"]

1. e4 c5 2. d4 Na6 3. dxc5 Nxc5 4. Nc3 Nf6 5. f3 e6 6. Bc4 a6 7. Bg5 h6 8. Bxf6 Qxf6 9. Nge2 b5 10. Bd3 b4 11. Nb1 Qxb2 12. Nd2 Nxd3+ 13. Kf1 Bc5 14. cxd3 Qf6 15. Rc1 Qg5 16. f4 Qh4 17. g3 Qh3+ 0-1

[Event "IECG CN.2002.0.00284 email"]
[Site "IECG email"]
[Date "2002.02.28"]
[Round "?"]
[White "Varas, Pablo"]
[Black "Young, Paul"]
[Result "1-0"]
[WhiteElo "800"]
[BlackElo "800"]
[PlyCount "49"]
[EventDate "2002.02.28"]
[EventType "tourn (corr)"]
[EventRounds "6"]
[SourceTitle "Corr 2008"]
[Source "ChessBase"]
[SourceDate "2008.06.24"]
[SourceVersion "1"]
[SourceVersionDate "2008.06.24"]
[SourceQuality "1"]

1. d4 d5 2. c4 dxc4 3. Nf3 Nf6 4. Qa4+ b5 5. Qxb5+ c6 6. Qxc4 Bf5 7. e3 e6 8. Nh4 g5 9. Nxf5 exf5 10. Nc3 Nbd7 11. Qxc6 g4 12. Bd3 Rc8 13. Qa4 a5 14. Bxf5 Rg8 15. 0-0 g3 16. fxg3 Bh6 17. e4 Nh5 18. Bxh6 Rb8 19. Bxh7 Rg4 20. Bf5 Nhf6 21. Nd5 Nxe4 22. Bxg4 Nd2 23. Bxd7+ Qxd7 24. Nf6+ Kd8 25. Qxd7# 1-0